College algebra. (7th ed.) (Record no. 79454)
[ view plain ]
| 000 -LEADER | |
|---|---|
| fixed length control field | 00811nam a2200205 a 4500 |
| 008 - FIXED-LENGTH DATA ELEMENTS--GENERAL INFORMATION | |
| fixed length control field | 120924s2009 ||||||||||||||||| || u |
| 020 ## - INTERNATIONAL STANDARD BOOK NUMBER | |
| International Standard Book Number | 9780538739528 |
| 050 ## - LIBRARY OF CONGRESS CALL NUMBER | |
| Classification number | QA 154.2 KAU |
| 100 ## - MAIN ENTRY--PERSONAL NAME | |
| Personal name | Kaufmann, Jerome E |
| 245 10 - TITLE STATEMENT | |
| Title | College algebra. (7th ed.) |
| Statement of responsibility, etc. | Jerome E. Kaufmann; Karen L. Schwitters |
| 250 ## - EDITION STATEMENT | |
| Edition statement | 7th ed. |
| 260 ## - PUBLICATION, DISTRIBUTION, ETC. | |
| Place of publication, distribution, etc. | Australia: |
| Name of publisher, distributor, etc. | Brooks/Cole |
| Date of publication, distribution, etc. | 2009 |
| 300 ## - PHYSICAL DESCRIPTION | |
| Extent | xiv, 729p.: ill. |
| 500 ## - GENERAL NOTE | |
| General note | Donated by Counsellor Kang'ombe |
| 650 #0 - SUBJECT ADDED ENTRY--TOPICAL TERM | |
| Topical term or geographic name entry element | ALGEBRA |
| 650 #0 - SUBJECT ADDED ENTRY--TOPICAL TERM | |
| Topical term or geographic name entry element | ALGEBRAS, LINEAR |
| 700 ## - ADDED ENTRY--PERSONAL NAME | |
| Personal name | Schwitters, Karen L |
| 995 ## - | |
| -- | SHORT LOAN BOOKS |
| -- | 743294 |
| -- | CBU-MAIN LIBRARY (Kitwe) |
| -- | QA 154.2 KAU |
| -- | 1 |
| -- | AVAILABLE |
| -- | Sep 26, 2012 |
| -- | 743294 |
| -- | Short Loan Collection |
| 995 ## - | |
| -- | SHORT LOAN BOOKS |
| -- | 743293 |
| -- | CBU-MAIN LIBRARY (Kitwe) |
| -- | QA 154.2 KAU |
| -- | 2 |
| -- | AVAILABLE |
| -- | Sep 26, 2012 |
| -- | 743293 |
| -- | Short Loan Collection |
| 999 ## - | |
| -- | 79454 |
| -- | 79454 |
| Withdrawn status | Lost status | Source of classification or shelving scheme | Damaged status | Not for loan | Permanent Location | Current Location | Shelving location | Date acquired | Total Checkouts | Full call number | Barcode | Date last seen | Date last checked out | Copy number | Price effective from | Koha item type |
|---|---|---|---|---|---|---|---|---|---|---|---|---|---|---|---|---|
| CBU-MAIN LIBRARY, KITWE. | CBU-MAIN LIBRARY, KITWE. | 06/29/2023 | 1 | QA 154.2 KAU | 743294 | 02/26/2025 | 02/26/2025 | 1 | 06/29/2023 | SHORT LOAN COLLECTION | ||||||
| CBU-MAIN LIBRARY, KITWE. | CBU-MAIN LIBRARY, KITWE. | 06/29/2023 | QA 154.2 KAU | 743293 | 06/29/2023 | 2 | 06/29/2023 | SHORT LOAN COLLECTION |